Surveying News (Record no. 119043)

MARC details
000 -LEADER
fixed length control field 00590cas a22002055a 4500
001 - CONTROL NUMBER
control field L138801
008 - FIXED-LENGTH DATA ELEMENTS--GENERAL INFORMATION
fixed length control field 070711d19922002cc mr p 0 a0eng u
035 ## - SYSTEM CONTROL NUMBER
System control number (Sirsi) u138801
041 0# - LANGUAGE CODE
Language code of text/sound track or separate title eng
110 2# - MAIN ENTRY--CORPORATE NAME
Corporate name or jurisdiction name as entry element Hong Kong Institute of Surveyors
9 (RLIN) 3136
245 00 - TITLE STATEMENT
Title Surveying News
260 ## - PUBLICATION, DISTRIBUTION, ETC.
Place of publication, distribution, etc. Hong Kong
Name of publisher, distributor, etc. Hong Kong Institute of Surveyors
Date of publication, distribution, etc. 1992-2002
362 0# - DATES OF PUBLICATION AND/OR SEQUENTIAL DESIGNATION
Dates of publication and/or sequential designation December 1996-
520 ## - SUMMARY, ETC.
Summary, etc. Kept for five years
554 ## -
-- 11 per year
651 #4 - SUBJECT ADDED ENTRY--GEOGRAPHIC NAME
Geographic name Hong Kong
690 ## - LOCAL SUBJECT ADDED ENTRY--TOPICAL TERM (OCLC, RLIN)
Topical term or geographic name as entry element MANAGEMENT-BUSINESS MANAGEMENT-PROFESSIONAL PRACTICE
785 00 - SUCCEEDING ENTRY
Title Surveyors Times
International Standard Serial Number 1818-2542
942 ## - ADDED ENTRY ELEMENTS (KOHA)
Suppress in OPAC 0
Holdings
Withdrawn status Lost status Source of classification or shelving scheme Damaged status Not for loan Home library Current library Shelving location Date acquired Total Checkouts Full call number Barcode Date last seen Price effective from Koha item type
    Dewey Decimal Classification     London London Gallery 11/07/2007   SURVEYORS TIMES 138801-1001 06/08/2019 06/08/2019 Journal